1350 1178 1640 1168 1572 1556 1928 1173 1448 1073 1061 1236 1627 1971 1020 1581 1290 1095 1846 1045 1794 2000 1860 1406 1257 1043 1377 1245 1370 1842 1919 1761 1181 1139 1120 1444 1786 1636 1617 1954 1522 1194 1276 1903 1656 1037 1167 1783 1655 1375 1105 1689 1263 1536 1366 1755 1486 1787 1390 1409 1434 1620 1245 1950 1323 1675 1143 1320 1689 1286 1346 1944 1992 1594 1420 1426 1449 1455 1448 1595 1729 1201 1635 1278 1378 1379 1606 1556 1052 1978 1152 1326 1450 1297 1186 1670 1162 1787 1392 BCNSPRNW ULIB Ver.6.0+V

เปลี่ยนเป็นภาษาไทย

Change to English
 แสดงรายละเอียดบรรณานุกรม
  กลับหน้าหลัก

Brief Record : Get Marc (ISO 2709) : E-mail record : QR code < ปิดหน้าต่าง
LEADER : 00000nam 2200000uu 4500
001    13399121565
003     ULIB
008    121123s2547||||th 000 0 tha d
020    ^a9746445308
060 04 ^aWW140^bส763ก
245 00 ^aการพยาบาลทาง ตา หู คอ จมูก ทันยุค /^cสุเชษฐ์ ชินไพโรจน์,จักรี หิรัญแพทย์, บรรณาธิการ
250    ^aพิมพ์ครั้งที่ 1
260    ^aกรุงเทพฯ :^bภาควิชาโสต ศอ นาสิกวิทยา ; ภาควิชาจักษุวิทยาคณะแพทยศาสตร์ มหาวิทยาลัยสงขลานครินทร์,^c2547
300    ^a422 หน้า :^bภาพประกอบ ;^c21 ซม.
650  7 ^aตา, โรค^xการพยาบาล
650  7 ^aจักษุวิทยา
650  7 ^aจักษุวิทยา, โรค^xการพยาบาล
650  7 ^aหูคอจมูก, โรค^xการพยาบาล
650  7 ^aโสตนาสิกซ์ลาริย์งวิทยา
700 0  ^aสุเชษฐ์ ชินไพโรจน์,^eบรรณาธิการ
700 0  ^aจักรี หิรัญแพทย์,^eบรรณาธิการ
710 2  ^aมหาวิทยาลัยสงขลานครินทร์. ^bภาควิชาจักษุวิทยา
710 2  ^aมหาวิทยาลัยสงขลานครินทร์. ^bภาควิชาโสต ศอ นาสิกวิทยา
945    ^p250^l0^i12912
945    ^p250^l0^i12913
995    ^aวิภา
999    ^aวิภา
รายการนี้ยังไม่มีแท็ก
คุณยังไม่ได้ล็อกอิน คุณสามารถมีกิจกรรมร่วมกับเว็บไซต์ได้ แต่ต้องล็อกอินก่อน ::
  ล็อกอิน

รายการสื่อสารสนเทศ

ลำดับที่ ประเภท เลขเรียก/บาร์โค้ด สถานที่ สถานะ
1. วิทยาศาสตร์การแพทย์ และสุขภาพ
วิทยาศาสตร์การแพทย์ และสุขภาพ
WW140 ส763ก  
  Barcode: 12912
ห้องสมุดวิทยาเขตสวรรค์ประชารักษ์
►หนังสือทั่วไป
บนชั้น
2. วิทยาศาสตร์การแพทย์ และสุขภาพ
วิทยาศาสตร์การแพทย์ และสุขภาพ
WW140 ส763ก ฉ.2 
  Barcode: 12913
ห้องสมุดวิทยาเขตสวรรค์ประชารักษ์
►หนังสือทั่วไป
บนชั้น

รายการใกล้เคียง
    หัวเรื่อง [จักษุวิทยา]
    หัวเรื่อง [โสตนาสิกซ์ลาริย์งวิทยา]

BibComment


ยังไม่เคยถูกคอมเมนท์

คอมเมนท์ทรัพยากรรายการนี้
  คอมเมนท์: การพยาบาลทาง ตา ..


 Copyright 2026. Bcnsprnw @Library